000 00270nam a22001217a 4500
008 170524b xxu||||| |||| 00| 0 eng d
041 _aeng
080 _a621.3
100 _a26
101 _aIM
245 _aPUMP APPLICATION ENGINEERING
_cHICKS.T.G
942 _2udc
_cBK
999 _c14166
_d14166